|
|
|
|
| LEADER |
00000naa2a2200000 4500 |
| 001 |
609229 |
| 005 |
20231101132539.0 |
| 035 |
|
|
|a (RuTPU)RU\TPU\conf\6676
|
| 035 |
|
|
|a RU\TPU\conf\6672
|
| 090 |
|
|
|a 609229
|
| 100 |
|
|
|a 20141030d2014 k y0rusy50 ca
|
| 101 |
0 |
|
|a rus
|
| 102 |
|
|
|a RU
|
| 105 |
|
|
|a y z 101zy
|
| 135 |
|
|
|a drnn ---uucaa
|
| 181 |
|
0 |
|a i
|
| 182 |
|
0 |
|a b
|
| 200 |
1 |
|
|a Самостоятельная работа студентов - плюсы и минусы
|f Ю. П. Юшков, О. Г. Князева
|
| 203 |
|
|
|a Текст
|c электронный
|
| 225 |
1 |
|
|a Психолого-педагогические аспекты непрерывного математического образования
|
| 230 |
|
|
|a 1 компьютерный файл (pdf; 260 Кб)
|
| 300 |
|
|
|a Заглавие с титульного экрана
|
| 337 |
|
|
|a Adobe Reader
|
| 463 |
|
0 |
|0 (RuTPU)RU\TPU\conf\6235
|t Математика в естественнонаучных исследованиях
|o сборник трудов Всероссийской научно-практической конференции молодых ученых, аспирантов и студентов, г. Юрга, 9-10 октября 2014 г.
|f Томский политехнический университет (ТПУ), Юргинский технологический институт (ЮТИ) ; ред. кол. О. Б. Березовская и др.
|v [С. 282-283]
|d 2014
|
| 610 |
1 |
|
|a труды учёных ТПУ
|
| 610 |
1 |
|
|a электронный ресурс
|
| 610 |
1 |
|
|a самостоятельные работы
|
| 610 |
1 |
|
|a студенты
|
| 610 |
1 |
|
|a методические работы
|
| 610 |
1 |
|
|a высшая математика
|
| 610 |
1 |
|
|a творческая активность
|
| 700 |
|
1 |
|a Юшков
|b Ю. П.
|
| 701 |
|
1 |
|a Князева
|b О. Г.
|c специалист в области естествознания
|c старший преподаватель Юргинского технологического инстиута (филиал) Томский политехнический университет
|f 1978-
|g Ольга Геннадьевна
|2 stltpush
|3 (RuTPU)RU\TPU\pers\24503
|
| 712 |
0 |
2 |
|a Национальный исследовательский Томский политехнический университет (ТПУ)
|b Юргинский технологический институт (филиал) (ЮТИ)
|b Кафедра естественного научного образования (ЕНО)
|h 7134
|2 stltpush
|3 (RuTPU)RU\TPU\col\18894
|
| 801 |
|
2 |
|a RU
|b 63413507
|c 20220216
|g RCR
|
| 856 |
4 |
|
|u http://earchive.tpu.ru/handle/11683/69598
|
| 856 |
4 |
|
|u http://www.lib.tpu.ru/fulltext/c/2014/C80/092.pdf
|
| 942 |
|
|
|c BK
|